00405nam a2200157Ia 4500003000400000008004100004040001600045082001300061100002100074245003900095260004000134300001000174490002600184650001500210650002200225GCL140319s9999 xx 000 0 eng d aGCL / cGCL04a843bL C1 aLAURENT, JACQUES10aCROIRE A NOEL / cLAURENT, JACQUES a[S.N] : bBERNARD GRASSET ، c1994 a199 P aLES CAHIERS ROUGESv004aLITERATURE04aFRENCH LITERATURE